Score 0/26 Timer 08:00
0 Plays Today
Scramble Word % Correct
GARAVEEAVERAGE
89%
TRAQUERQUARTER
85.5%
HICKNETKITCHEN
82.4%
RIFLEFYFIREFLY
81.9%
RAGEBAGGARBAGE
80.7%
DYETINSDESTINY
79.3%
MOVIPERIMPROVE
74.9%
REPWISHWHISPER
74%
GUMBILEBELGIUM
73.8%
COLAVONVOLCANO
73%
KUELULEUKULELE
71.2%
SHYDIDIYIDDISH
70.1%
HAMWANKHAWKMAN
69.2%
Scramble Word % Correct
ROMPEEREMPEROR
68.9%
AMAZBINZAMBIAN
68.8%
TRIMAINMARTINI
68.8%
PUREJITJUPITER
68.5%
LENRANTLANTERN
64.7%
HERCLOTCHORTLE
60.8%
TINDERTTRIDENT
52.3%
DATRAINRADIANT
51.8%
ONOGEAROREGANO
42.5%
CASTLERSCARLET
36.7%
KOWRENTNETWORK
33.9%
NIPCHOSPHONICS
15.4%
OSIXERSXEROSIS
15.2%
Remove Ads.
Support Sporcle.
Get the best of Sporcle when you Go Orange. This ad-free experience offers more features, more stats, and more fun while also helping to support Sporcle. Thank you for becoming a member.

You're not logged in!

Compare scores with friends on all Sporcle quizzes.
OR
Log In

Show Comments

Extras

Top Quizzes Today


Score Distribution

Your Account Isn't Verified!

In order to create a playlist on Sporcle, you need to verify the email address you used during registration. Go to your Sporcle Settings to finish the process.

Report this User

Report this user for behavior that violates our Community Guidelines.

Details: